00000000cam 2200000zi 4500
0019.962784
003CaOODSP
00520260514091354
006m     o  d f      
007cr mn|||||||||
008260514s1984    onc     ob   f000 0 fre d
040 |aCaOODSP|bfre|erda|cCaOODSP
043 |an-cn---
0861 |aJS4-1/1984-82F-PDF
1001 |aAndrews, D. A. |q(Donald Arthur), |d1941- |eauteur.
24510|aProgramme triennal de contrôle des probationnaires CaVIC : |bincidence du choix des agents, de la surveillance par des volontaires et des méthodes de surveillance sur les taux de récidive / |cDon Andrews, W. Friesen, Jerry J. Kiessling.
264 1|aOttawa, Ontario : |bMinistère du Solliciteur général du Canada, Secrétariat, Direction des programmes, |c1984.
300 |a1 ressource en ligne (63 pages).
336 |atexte|btxt|2rdacontent/fre
337 |ainformatique|bc|2rdamedia/fre
338 |aressource en ligne|bcr|2rdacarrier/fre
4901 |aDirection des programmes - rapport pour spécialistes ; |vno. 1984-82
500 |aÉdition numérisée de l'imprimée [par Sécurité publique Canada].
500 |aPublié aussi en anglais sous le titre : A three year postprogram follow-up of the CaVIC probationers : the effects of selection of officers, supervision by volunteers and supervision practices on recidivism.
500 |a« Rapport final présenté au ministère du Solliciteur général, Canada. Les opinions exprimées dans ce document ne reflètent pas obligatoirement le point de vue de ce ministère ou du ministère des Services correctionnels de l'Ontario. »
504 |aComprend des références bibliographiques (pages 54-55).
520 |a« Le programme CaVIC (Canadian Volunteers in Corrections) était une étude de trois ans portant sur la qualité et l'efficacité de la surveillance individuelle des probationnaires adultes. Cette étude s'est déroulée ou Ottawa Adult Probation and Parole Office vers le milieu des années 70. Le présent rapport fait état des conclusions d'un contrôle postérieur au programme d'une durée de trois ans. Un tel contrôle est important dans la mesure où il permet d'évaluer la persistance des effets du traitement et d'étudier la possibilité que la récidive en cours de programme et la récidive postérieure au programme soient déterminés par des facteurs différents. Il est généralement admis que la répression de la criminalité est l'un des objectifs des services correctionnels; nous devons envisager sérieusement la possibilité que les mesures adoptées aient des répercussions différentes sur la récidive selon qu'elle survient en cours de programme ou par la suite » -- Introduction, page 3.
650 6|aSurveillance intensive (Probation)|zCanada.
650 6|aRécidive|zCanada.
650 6|aAgents de probation|xSélection et nomination|zCanada.
7101 |aCanada. |bSolliciteur général Canada.|bDirection des programmes, |eorganisme de publication.
77508|tA three year postprogram follow-up of the CaVIC probationers : |w(CaOODSP)9.962783
830#0|aRapport pour spécialistes (Canada. Solliciteur général Canada)|vno. 1984-82.|w(CaOODSP)9.808484
85640|qPDF|s885 Ko|uhttps://publications.gc.ca/collections/collection_2026/sp-ps/js4-1/JS4-1-1984-82-fra.pdf